[Event "Carlsen-Caruana FIDE World Chess Championship"]
[Date "2018.11.18"]
[Round "7"]
[White "Carlsen, Magnus"]
[Black "Caruana, Fabiano"]
[Result "1/2-1/2"]
[Board "1"]
[WhiteTitle "GM"]
[WhiteElo "2835"]
[WhiteCountry "NOR"]
[WhiteFideId "1503014"]
[BlackTitle "GM"]
[BlackElo "2832"]
[BlackCountry "USA"]
[BlackFideId "2020009"]

1. d4 {[%clk 1:40:59]} Nf6 {[%clk 1:40:53]} 2. Nf3 {[%clk 1:41:20]} d5 {[%clk
1:41:13]} 3. c4 {[%clk 1:41:42]} e6 {[%clk 1:41:38]} 4. Nc3 {[%clk 1:41:29]} Be7
{[%clk 1:41:59]} 5. Bf4 {[%clk 1:41:37]} O-O {[%clk 1:42:06]} 6. e3 {[%clk
1:41:50]} c5 {[%clk 1:42:25]} 7. dxc5 {[%clk 1:42:11]} Bxc5 {[%clk 1:42:49]} 8.
Qc2 {[%clk 1:42:02]} Nc6 {[%clk 1:42:59]} 9. a3 {[%clk 1:42:21]} Qa5 {[%clk
1:43:18]} 10. Nd2 {[%clk 1:41:52]} Qd8 {[%clk 1:42:25]} 11. Nb3 {[%clk 1:33:00]}
Bb6 {[%clk 1:37:13]} 12. Be2 {[%clk 1:19:57]} Qe7 {[%clk 1:26:16]} 13. Bg5 {[%clk
1:07:46]} dxc4 {[%clk 0:57:27]} 14. Nd2 {[%clk 0:54:19]} Ne5 {[%clk 0:49:34]} 15.
O-O {[%clk 0:53:34]} Bd7 {[%clk 0:44:10]} 16. Bf4 {[%clk 0:50:58]} Ng6 {[%clk
0:41:40]} 17. Bg3 {[%clk 0:51:23]} Bc6 {[%clk 0:40:59]} 18. Nxc4 {[%clk 0:51:15]}
Bc7 {[%clk 0:41:20]} 19. Rfd1 {[%clk 0:51:25]} Rfd8 {[%clk 0:41:09]} 20. Rxd8+
{[%clk 0:47:03]} Rxd8 {[%clk 0:41:31]} 21. Rd1 {[%clk 0:47:24]} Rxd1+ {[%clk
0:35:35]} 22. Qxd1 {[%clk 0:47:47]} Nd5 {[%clk 0:35:42]} 23. Qd4 {[%clk 0:42:56]}
Nxc3 {[%clk 0:34:38]} 24. Qxc3 {[%clk 0:43:24]} Bxg3 {[%clk 0:32:31]} 25. hxg3
{[%clk 0:43:52]} Qd7 {[%clk 0:32:31]} 26. Bd3 {[%clk 0:37:40]} b6 {[%clk
0:27:45]} 27. f3 {[%clk 0:36:45]} Bb7 {[%clk 0:26:33]} 28. Bxg6 {[%clk 0:36:52]}
hxg6 {[%clk 0:26:55]} 29. e4 {[%clk 0:36:53]} Qc7 {[%clk 0:19:35]} 30. e5 {[%clk
0:35:32]} Qc5+ {[%clk 0:13:55]} 31. Kh2 {[%clk 0:35:40]} Ba6 {[%clk 0:08:11]} 32.
Nd6 {[%clk 0:35:31]} Qxc3 {[%clk 0:08:01]} 33. bxc3 {[%clk 0:35:55]} f6 {[%clk
0:08:07]} 34. f4 {[%clk 0:32:36]} Kf8 {[%clk 0:08:13]} 35. Kg1 {[%clk 0:22:35]}
Ke7 {[%clk 0:08:37]} 36. Kf2 {[%clk 0:22:50]} Kd7 {[%clk 0:07:50]} 37. Ke3 {[%clk
0:15:55]} Bf1 {[%clk 0:08:04]} 38. Kf2 {[%clk 0:14:39]} Ba6 {[%clk 0:08:29]} 39.
Ke3 {[%clk 0:14:05]} Bf1 {[%clk 0:08:54]} 40. Kf2 {[%clk 1:04:15]} Ba6 {[%clk
0:08:54]} 1/2-1/2